000 00473nam a2200145Ia 4500
008 170221s9999 xx 000 0 und d
100 _aKhan, Mohammad Ayub
245 _aChallenges for MNEs operating in emerging markets
245 _cMohammad Ayub Khan, Tecnológico de Monterrey, México.
260 _bJournal of Management and Marketing Research
260 _c2014
300 _a3 : 1
650 _xBusiness
856 _uhttp://www.aabri.com/manuscripts/142085.pdf
999 _c313184
_d313184